000 00478 a2200169 4500
020 _a920000241138
022 _a920000241138
082 _a327
090 _c6424
_d6424
100 _aMorgenthau,Hans J.
245 _aPolitics among nations.
_bThe Struggle for Power and Peace.
_cHans J.Morgenthau.
250 _a6th.
260 _aUniversity of Virginia.
_bMiller Center of Public Affairs.
_c2012.
300 _a688p.
500 _aPaper cover.
942 _aNBS
_cBK
_k327 MOR
999 _c348788
_d348788